La dignidad de la tierra : (Record no. 146061)

MARC details
000 -CABECERA
campo de control de longitud fija 00859nam a2200217 u 4500
005 - FECHA Y HORA DE LA ÚLTIMA TRANSACCIÓN
campo de control 20210223131203.0
008 - ELEMENTOS DE LONGITUD FIJA--INFORMACIÓN GENERAL
campo de control de longitud fija 091125s2000 es r 000 0 spa d
020 ## - NÚMERO INTERNACIONAL NORMALIZADO PARA LIBROS
Número Internacional Estándar del Libro 8481643637
035 ## - NÚMERO DE CONTROL DEL SISTEMA
Número de control de sistema UPN01000173957
049 ## - COLECCIÓN
Colección CG
050 #4 - SIGNATURA TOPOGRÁFICA DE LA BIBLIOTECA DEL CONGRESO
Número de clasificación BT695.5
Número de documento/Ítem B6.3
100 1# - ASIENTO PRINCIPAL--NOMBRE PERSONAL
Nombre de persona Boff, Leonardo,
Fechas asociadas al nombre 1938-
9 (RLIN) 38204
245 13 - MENCIÓN DE TÍTULO
Título La dignidad de la tierra :
Resto del título ecología, mundialización, espiritualidad : la emergencia de un nuevo paradigma /
Mención de responsabilidad, etc. Leonardo Boff ; tr. José Luis Castañeda Cagigas.
260 ## - PUBLICACIÓN, DISTRIBUCIÓN, ETC.
Lugar de publicación, distribución, etc. Valladolid, Esp. :
Nombre del editor, distribuidor, etc. Trotta,
Fecha de publicación, distribución, etc. 2000.
300 ## - DESCRIPCIÓN FÍSICA
Extensión 187 p.
440 #0 - MENCIÓN DE SERIE/ASIENTO SECUNDARIO--TÍTULO
Título Estructuras y procesos.
Nombre de parte o sección de la obra Religión
534 ## - NOTA SOBRE LA VERSIÓN ORIGINAL
Frase introductoria Título original:
Mención de título del original Ecologia, mundializacáo, espiritualidade : a emergéncia de um novo paradigma
650 #4 - ASIENTO SECUNDARIO DE MATERIA - TERMINO TEMATICO
Término de materia o nombre geográfico como elemento de entrada ECOLOGIA HUMANA -
Subdivisión general ASPECTOS RELIGIOSOS -
-- CRISTIANISMO
9 (RLIN) 15098
650 #4 - ASIENTO SECUNDARIO DE MATERIA - TERMINO TEMATICO
Término de materia o nombre geográfico como elemento de entrada TEOLOGIA DE LA LIBERACION
9 (RLIN) 15097
905 ## - TIPO DE MATERIAL
Tipo de material Libro
Holdings
Estado de retiro Estado de pérdida Fuente del sistema de clasificación o colocación Estado dañado No para préstamo Código de colección Localización permanente Ubicación/localización actual Ubicación en estantería Total de préstamos Clasificación Código de barras Fecha visto por última vez Número de copia Tipo de ítem Koha
    Library of Congress Classification     Colección General Bib. Gregorio Torres Quintero Bib. Gregorio Torres Quintero Planta baja 1 BT695.5 B6.3 270027 31/12/2020 1 Libro
    Library of Congress Classification     Colección General Bib. Gregorio Torres Quintero Bib. Gregorio Torres Quintero Planta baja 1 BT695.5 B6.3 270025 31/12/2020 1 Libro
    Library of Congress Classification     Colección General Bib. Gregorio Torres Quintero Bib. Gregorio Torres Quintero Planta baja 5 BT695.5 B6.3 270026 31/12/2020 1 Libro